Derecho Penal europeo

Gardado en:
Detalles Bibliográficos
Autor Principal: Ambos, Kai (Author)
Formato: Libro
Idioma:Lingua castelá
Publicado: Pamplona, España Civitas - Thomson Reuters 2017
Subjects:
Tags: Engadir etiqueta
Sen Etiquetas, Sexa o primeiro en etiquetar este rexistro!

MARC

LEADER 00000cam a2200000 a 4500
001 UCC7921
003 CL-VaPUC
005 20201027001355.0
008 190520e20170000sp |||||||||||||||||spa|d
999 |c 374434  |d 374432 
020 |a 9788447049301 
040 |c Pontificia Universidad Católica de Valparaíso 
082 0 4 |a 345.001 AMB 2017  |2 21 
100 0 |a Ambos, Kai  |e author  |9 602671 
245 1 0 |a Derecho Penal europeo 
260 |a Pamplona, España  |b Civitas - Thomson Reuters  |c 2017 
300 |a 673 páginas 
583 |a last modification  |c 20190828 01:57:06  |k Rodrigo Vera 
583 |c 20200701 
650 7 |a DERECHO PENAL EUROPEO  |2 CL-VaPUC  |9 547855 
650 0 |a Filosofía del derecho   |9 255050 
852 |a BIBDER 
942 |c BK  |2 ddc 
945 |d 20190520 16:29:00  |a dcastane 
952 |0 0  |1 0  |3 erd  |4 0  |6 345_001000000000000_AMB_2017  |7 0  |8 A  |9 492959  |a BIBDER  |b BIBDER  |e 2  |g 71802.00  |i 554968K  |o 345.001 AMB 2017  |p 554968K  |r 2023-01-25  |w 2019-11-24  |y BK  |z Catalogado en:20190520  |k DER 
952 |0 0  |1 0  |3 erd  |4 0  |6 345_001000000000000_AMB_2017  |7 0  |8 WP_COW  |9 561072  |a BIBDER  |b BIBDER  |e Fundación W and P Cowley  |i 5596599  |o 345.001 AMB 2017  |p 5596599  |r 2023-01-25  |w 2020-03-12  |y BK  |z Catalogado en:20190830  |k WPC